Nociones de anatomía útiles para practicar la gimnasia racional / por David Ferrer ...
Descripción Física:
211 p. ; 21 cm
Materias:
Anatomia humana
MARC
| LEADER | 00000nam a2200000Ia 4500 | ||
|---|---|---|---|
| 001 | 11644 | ||
| 008 | 160829s1883 xx 000 0 cat d | ||
| 080 | |a C-1-511 | ||
| 100 | |a Ferrer, David |9 46614 | ||
| 245 | |a Nociones de anatomía útiles para practicar la gimnasia racional / por David Ferrer ... | ||
| 260 | |a Barcelona : |b (Est. Tip. J. Miret), |c 1883 | ||
| 300 | |a 211 p. ; |c 21 cm | ||
| 590 | |a Prové de 2364, expedient de l'Escuela Normal de Maestros. | ||
| 590 | |a Amb autògraf de l'autor dedicat a la Diputació de BCN | ||
| 650 | |a Anatomia humana |9 34394 | ||
| 901 | |a Arxiu | ||
| 942 | |n 1 | ||
| 952 | |0 0 |1 0 |4 0 |6 C1511 |7 1 |9 53318 |a Arxiu |b Arxiu |d 2016-12-01 |l 0 |o C-1-511 |p 11644 |r 2016-12-01 00:00:00 |w 2016-12-01 |y ARXIU | ||
| 999 | |c 57182 |d 57182 | ||